000 00928nam a2200289 a 4500
999 _c23969
_d23969
001 vtls008179009
005 20251024080629.0
008 050411s2000 xr a 001 0 cze c
020 _a807178415X
035 _aSPKKN15417
040 _aSPKKN
_bslo
_cSNK
_dSPK
_eAACR2
041 _acze
044 _aCZ
080 _a316.6
100 1 _aHayes, Nicky
_95077
245 1 0 _aZáklady sociální psychologie
_cNicky Hayesová ; přeložila Irena Štěpaníková
250 _a2. vyd.
260 _aPraha
_bPortál
_c2000
300 _a165 s.
_bilustr.
500 _aBibliogr. s. 150-159., slovníček, reg.
650 0 7 _asociálna psychológia
_2snk
_95078
650 0 7 _ainterpersonálne vzťahy
_2snk
_91969
650 0 7 _asociálna komunikácia
_2snk
_95079
655 7 _aodborné publikácie
_2snk
_95080
700 1 _aŠtěpaníková, Irena
_4trl
_95081
850 _bKIS3GMM